| 000 | 00697cam a2200253 4500 | ||
|---|---|---|---|
| 008 | 090401t1999 xxu||||| |||| 00| 0 eng d | ||
| 020 | _a184014954X | ||
| 035 | _a(Sirsi) u93858 | ||
| 041 | _aeng | ||
| 050 | _a333.330951 | ||
| 245 | 4 | _aThe impact of China`s economic reforms upon land, property and construction. | |
| 260 |
_aAldershot, Hants. _bAshgate _c1999 |
||
| 300 | _axii,177p. ; 22cm. | ||
| 350 | _a35 | ||
| 650 | _aCHINA | ||
| 650 | _aCONSTRUCTION INDUSTRY | ||
| 650 | _aECONOMIC REFORMS | ||
| 650 | _aLAND REFORM | ||
| 690 | _aOVERSEAS-REST OF THE WORLD | ||
| 700 |
_aChen, Jean Jinghan _xEditor |
||
| 700 |
_aWills, David _xEditor |
||
| 942 | _n0 | ||
| 948 | _c10/06/1999 | ||
| 999 |
_c97863 _d97863 |
||